[Event "GRE-ch U14"]
[Site "Thessaloniki"]
[Date "2022.08.23"]
[Round "8"]
[White "Tsitimakis, Periklis"]
[Black "Sampsonoglou, Dimitrios"]
[Result "1/2-1/2"]
[WhiteElo "1447"]
[BlackElo "1102"]
[PlyCount "76"]
[EventDate "2022.08.18"]
[EventType "swiss"]
[EventRounds "9"]
[EventCountry "GRE"]
[SourceTitle "EXT 2023"]
[Source "ChessBase"]
[SourceDate "2022.10.05"]
[SourceVersion "1"]
[SourceVersionDate "2022.10.05"]
[SourceQuality "1"]

1. b4 Nf6 2. Bb2 e6 3. a3 Be7 4. c4 c6 5. Nf3 d5 6. e3 0-0 7. Be2 Nbd7 8. d4 dxc4 9. Bxc4 b6 10. Nbd2 Bb7 11. 0-0 c5 12. dxc5 bxc5 13. b5 Nb6 14. Be2 h6 15. Ne5 Qc7 16. Nec4 Rad8 17. Qc2 Qd7 18. a4 Nfd5 19. Rad1 Nb4 20. Qb3 Qc8 21. Nxb6 axb6 22. Nc4 Bd5 23. Bf3 Bxf3 24. gxf3 Qb7 25. e4 Qb8 26. Be5 Qa7 27. Bb2 Qb8 28. Ba3 Rxd1 29. Rxd1 Rd8 30. Bxb4 Rxd1+ 31. Qxd1 cxb4 32. e5 Bc5 33. Qd7 b3 34. Qd3 b2 35. Nxb2 Qxe5 36. Qd8+ Kh7 37. Qd3+ g6 38. Nd1 Qg5+ 1/2-1/2

[Event "GRE-ch U14"]
[Site "Thessaloniki"]
[Date "2022.08.22"]
[Round "7"]
[White "Tarchanidis, Nikolaos Christos"]
[Black "Tsitimakis, Periklis"]
[Result "0-1"]
[WhiteElo "1267"]
[BlackElo "1447"]
[PlyCount "56"]
[EventDate "2022.08.18"]
[EventType "swiss"]
[EventRounds "9"]
[EventCountry "GRE"]
[SourceTitle "EXT 2024"]
[Source "ChessBase"]
[SourceDate "2023.10.10"]
[SourceVersion "1"]
[SourceVersionDate "2023.10.10"]
[SourceQuality "1"]

1. c4 Nf6 2. Nc3 g6 3. g3 Bg7 4. Bg2 d6 5. e4 0-0 6. Nge2 c5 7. d4 cxd4 8. Nxd4 Nc6 9. Be3 Ng4 10. Qd2 Nxe3 11. fxe3 Ne5 12. b3 Bd7 13. 0-0 a6 14. Rac1 Qb6 15. Nd5 Qd8 16. c5 dxc5 17. Rxc5 e6 18. Nf4 Qb6 19. Rfc1 Rac8 20. b4 Rxc5 21. Rxc5 a5 22. a3 axb4 23. axb4 Ra8 24. Nf3 Ra1+ 25. Ne1 Bf8 26. Rxe5 Bxb4 27. Qd4 Qxd4 28. exd4 f6 0-1

[Event "GRE-ch U14"]
[Site "Thessaloniki"]
[Date "2022.08.18"]
[Round "1"]
[White "Chasapis, Christos"]
[Black "Tsitimakis, Periklis"]
[Result "1/2-1/2"]
[WhiteElo "1117"]
[BlackElo "1447"]
[PlyCount "96"]
[EventDate "2022.08.18"]
[EventType "swiss"]
[EventRounds "9"]
[EventCountry "GRE"]
[SourceTitle "EXT 2024"]
[Source "ChessBase"]
[SourceDate "2023.10.10"]
[SourceVersion "1"]
[SourceVersionDate "2023.10.10"]
[SourceQuality "1"]

1. d4 Nf6 2. c4 g6 3. Nc3 Bg7 4. e4 d6 5. h3 0-0 6. Be3 Nbd7 7. Nge2 c6 8. g4 e5 9. d5 cxd5 10. cxd5 Qa5 11. f3 b5 12. Nc1 a6 13. Nb3 Qd8 14. h4 h5 15. Bd3 hxg4 16. fxg4 Nc5 17. Nxc5 Bxg4 18. Be2 Bxe2 19. Qxe2 dxc5 20. Bxc5 Re8 21. b4 Nh5 22. Qg4 a5 23. 0-0 axb4 24. Bxb4 Rc8 25. Rad1 Rc4 26. a3 Qb6+ 27. Kh2 Nf6 28. Qf3 Rd8 29. Be7 Rd7 30. Bxf6 Bxf6 31. Qxf6 Qxf6 32. Rxf6 Rxc3 33. Rb6 Rxa3 34. Rxb5 Re3 35. Rb4 Kg7 36. Rc4 f5 37. exf5 Re2+ 38. Kh3 gxf5 39. d6 Kf6 40. Rc7 Ke6 41. Rxd7 Kxd7 42. h5 Rc2 43. Rd5 Rc1 44. Rxe5 Rh1+ 45. Kg3 Rxh5 46. Kf4 Rh4+ 47. Kxf5 Kxd6 48. Re1 Rh5+ 1/2-1/2

[Event "GRE-ch U14 Attiki"]
[Site "Peristeri"]
[Date "2022.06.30"]
[Round "7"]
[White "Tsitimakis, Periklis"]
[Black "Tsamtsouris, Efthymios"]
[Result "1-0"]
[WhiteElo "1279"]
[BlackElo "1134"]
[PlyCount "43"]
[EventDate "2022.06.24"]
[EventType "swiss"]
[EventRounds "7"]
[EventCountry "GRE"]
[SourceTitle "EXT 2023"]
[Source "ChessBase"]
[SourceDate "2022.10.05"]
[SourceVersion "1"]
[SourceVersionDate "2022.10.05"]
[SourceQuality "1"]

1. b4 c6 2. Bb2 a5 3. bxa5 Qxa5 4. Nf3 d6 5. e4 e5 6. Be2 Nf6 7. Bc3 Qc7 8. d3 Be7 9. Nbd2 b5 10. d4 Nfd7 11. 0-0 0-0 12. Nb3 f5 13. exf5 Rxf5 14. Bd3 Rf8 15. dxe5 Nxe5 16. Nxe5 dxe5 17. Qh5 g6 18. Bxg6 hxg6 19. Qxg6+ Kh8 20. Qh5+ Kg8 21. Bxe5 Bd6 22. Qg6+ 1-0

[Event "GRE-ch Schools Gym-A"]
[Site "Athen"]
[Date "2022.06.13"]
[Round "9"]
[White "Tsitimakis, Periklis"]
[Black "Chasouraki, Chrysi"]
[Result "0-1"]
[WhiteElo "1279"]
[BlackElo "1425"]
[PlyCount "104"]
[EventDate "2022.06.12"]
[EventType "swiss"]
[EventRounds "9"]
[EventCountry "GRE"]
[SourceTitle "EXT 2023"]
[Source "ChessBase"]
[SourceDate "2022.10.05"]
[SourceVersion "1"]
[SourceVersionDate "2022.10.05"]
[SourceQuality "1"]

1. Nf3 d5 2. d4 Nf6 3. Bf4 e6 4. e3 Bd6 5. Bxd6 Qxd6 6. c3 0-0 7. Nbd2 Qb6 8. Qc2 Nbd7 9. Bd3 c5 10. 0-0 c4 11. Be2 Qc7 12. h3 b5 13. a4 bxa4 14. Rxa4 Nb6 15. Raa1 Bd7 16. e4 Rfb8 17. e5 Ne8 18. Rfb1 f6 19. Nf1 fxe5 20. Nxe5 Nf6 21. Ng3 Be8 22. Bf3 Nbd7 23. Nxd7 Qxd7 24. b3 Bg6 25. Qd1 Bxb1 26. Rxb1 cxb3 27. Rxb3 Rxb3 28. Qxb3 a5 29. Qa3 a4 30. c4 Rb8 31. c5 Rb3 32. Qc1 Qc6 33. Bd1 Rb4 34. Qa3 Rxd4 35. Bf3 Rc4 36. Nh5 Nxh5 37. Bxh5 Qxc5 38. Qf3 Qe7 39. Qg3 Rc1+ 40. Kh2 Qc7 41. f4 Rc3 42. Qg4 Qd7 43. Qe2 a3 44. Bg4 Rc6 45. Qa2 Qd6 46. g3 Qb4 47. Bxe6+ Rxe6 48. Qxd5 Qe7 49. f5 Qd6 50. Qa2 Qb6 51. Kh1 Qe3 52. fxe6 Qc1+ 0-1